[Event "Vecindario Montalvo Memorial 16th"]
[Site "Vecindario"]
[Date "2024.03.31"]
[Round "9"]
[White "Delgado Armas, Francisco David"]
[Black "Yuan, Ying Jie"]
[Result "0-1"]
[WhiteElo "1726"]
[BlackElo "1771"]
[PlyCount "66"]
[EventDate "2024.03.23"]
[EventType "swiss"]
[EventRounds "9"]
[EventCountry "ESP"]
[SourceTitle "CB15_2024"]
[SourceDate "2024.04.10"]
[SourceVersion "1"]
[SourceVersionDate "2024.04.10"]
[SourceQuality "1"]

1. Nf3 g6 2. d4 Bg7 3. c4 c5 4. d5 d6 5. e4 Nf6 6. Nc3 0-0 7. h3 e6 8. Bg5 Qb6 9. Qd2 exd5 10. Bxf6 Bxf6 11. Nxd5 Qd8 12. Nxf6+ Qxf6 13. h4 h5 14. 0-0-0 Rd8 15. Ng5 Nc6 16. f3 Nd4 17. Be2 a5 18. g4 Qf4 19. Kb1 Qxd2 20. Rxd2 f6 21. Nh3 hxg4 22. fxg4 Nxe2 23. Rxe2 Bxg4 24. Rg2 Bf3 25. Rxg6+ Kf7 26. Rhg1 Bxe4+ 27. Kc1 Bxg6 28. Nf4 Be4 29. h5 Rg8 30. Re1 Rae8 31. Rf1 Rg4 32. Ne2 Bd3 33. Rf4 Bxe2 0-1

[Event "Vecindario Montalvo Memorial 16th"]
[Site "Vecindario"]
[Date "2024.03.23"]
[Round "1"]
[White "Delgado Armas, Francisco David"]
[Black "Van Zyl Rudd, Jack"]
[Result "0-1"]
[WhiteElo "1726"]
[BlackElo "2264"]
[PlyCount "72"]
[EventDate "2024.03.23"]
[EventType "swiss"]
[EventRounds "9"]
[EventCountry "ESP"]
[SourceTitle "CB15_2024"]
[SourceDate "2024.04.10"]
[SourceVersion "1"]
[SourceVersionDate "2024.04.10"]
[SourceQuality "1"]

1. e4 c5 2. Nf3 d6 3. Bc4 Nf6 4. Nc3 e6 5. d3 Nc6 6. a3 Be7 7. 0-0 0-0 8. Re1 a6 9. Bd2 b5 10. Ba2 Bb7 11. Ne2 Rc8 12. c3 Ne5 13. Nxe5 dxe5 14. Bb1 Qc7 15. f3 Rfd8 16. Be3 Nd7 17. Qd2 Nb6 18. Ba2 Nc4 19. Bxc4 bxc4 20. d4 cxd4 21. cxd4 exd4 22. Bg5 f6 23. Bh4 c3 24. bxc3 dxc3 25. Qc2 Bd6 26. Bg3 Bxg3 27. Nxg3 Qc4 28. Red1 Rxd1+ 29. Rxd1 Bc6 30. Rb1 Ba4 31. Qc1 c2 32. Rb7 Qd4+ 33. Kf1 Qd1+ 34. Qxd1 cxd1Q+ 35. Kf2 Qd2+ 36. Ne2 Bb5 0-1